00936 2200325 4500001002100000005001700021008004100038020001700079035002400096082001100120090002100131100002600152245011900178250001100297260003100308300002900339440002500368500004100393650002300434700001800457700001300475700002500488850001700513980001400530985000600544999001500550999001500565999001500580999001500595YOGYA-0209000003649520090227025130.0 ind  a979-21-119-0 0010-020900000036495 a028.55 a028.55bSam PlK aSAMEKTO, Cicilia Guno aPrincess AmeliacCicilia Guno Samekto ; penterjemah, Esther White dan Mitayani ; ilustrasi oleh Antonius Bambang M aCet. 1 aYogyakartabKanisiusc2006 a[32] hlmbilusc21x23 cm aStories for children aJudul asli : Puteri Amelian dan ayam aBacaan kanak-kanak aWrite, Esther aMitayani aBambang M., Antonius aYOPDYOG(JSC) a8-11-2006 a4 a06P0000149 a06P0000150 a06P0000151 a06P0000152